The new International Webster's pocket thesaurus of the English language.
| Published: |
Trident Press International,
2000.
|
|---|---|
| Subjects: |
| LEADER | 00478cam a2200133 7i4500 | ||
|---|---|---|---|
| 001 | 0000049516 | ||
| 005 | 20250107090000.0 | ||
| 020 | |a 1888777494 | ||
| 090 | 0 | 0 | |a PE1591 |b .N68 2000 |
| 245 | 0 | 4 | |a The new International Webster's pocket thesaurus of the English language. |
| 260 | |b Trident Press International, |c 2000. | ||
| 650 | 0 | 0 | |a English language -- |x Synonyms and antonyms |
| 997 | |a AIDCOMM - Communication and Media, Faculty | ||
| 999 | |a ZARC002856 |b BOK |c OPEN SHELF |e Zainol Ahmad Resource Center | ||


